000 00320nam a22001337a 4500
020 _a0-07-01516-2
082 _a658 DAL'M
100 _aDALE, ERNUST
_977532
245 _aMANAGEMENT THEORY AND PRACTICE
260 _aTOKYO
_bMCGRAW HILL
_c1973
300 _a800P
650 _aINDUSTRIAL MANAGEMENT
_99469
942 _cBK
999 _c582796
_d582796